000 01199cpcaa2200313 a 4500
001 mm2011085612
003 DLC
005 20260227111732.0
008 111228|||||||||||| eng
010 _amm2011085612
040 _aDLC
_cDLC
_edacs
_dDLC
072 7 _aC
_2lcmd
100 1 _aLarabee, Esther.
245 0 0 _aEsther Larabee indenture,
_f1765.
300 _a1
_fitem.
506 0 _aOpen to research.
520 8 _aApprenticeship indenture (1765 September 13) of Larabee, age 9, to Ruth Rannale, Preston, Conn.
545 0 _aApprentice.
546 _aCollection material in English.
580 _aForms part of: Ben and Beatrice Goldstein Foundation collection.
580 _aForms part of: Miscellaneous Manuscripts collection.
600 1 0 _aRannale, Ruth.
650 0 _aApprentices
_zConnecticut.
651 0 _aPreston (Conn.)
_xHistory.
656 7 _aApprentices.
_2itoamc
710 2 _aBen and Beatrice Goldstein Foundation Collection (Library of Congress)
999 _c44872
_d44872